00251nam a2200085 a 4500008004100000050001500041100002200056245007800078350000900156120416s9999 xx |||||||||||||| || u aTT 320 Dav aDavidson, Ellis A12aA practical manual of house-painting, graining, marbling and sign-writing a0.00